Online Catalogue and eLibrary

Women's rights watch. (Record no. 178)

MARC details
000 -LEADER
fixed length control field 00448nam a22001697a 4500
005 - DATE AND TIME OF LATEST TRANSACTION
control field 20231219002855.0
008 - FIXED-LENGTH DATA ELEMENTS--GENERAL INFORMATION
fixed length control field 231219b |||||||| |||| 00| 0 eng d
020 ## - INTERNATIONAL STANDARD BOOK NUMBER
ISBN 955907802x
082 ## - DDC Classification
DDC Edition Number 22
Class No. 305.4.,
245 ## - TITLE STATEMENT
Title Women's rights watch.
Statement of responsibility, etc. The woen and media collective.
250 ## - EDITION STATEMENT
Edition statement 1st.
260 ## - PUBLICATION, DISTRIBUTION, ETC.
Place of publication, distribution, etc. Sri Lanka.,
Name of publisher, distributor, etc. The women and media collective,
Date of publication, distribution, etc. 1999.
300 ## - PHYSICAL DESCRIPTION
Extent (e.g. Volumes, Pages etc.) 62 p.:
650 ## - SUBJECT ADDED ENTRY--TOPICAL TERM
Topical term or geographic name entry element women
700 ## - ADDED ENTRY--PERSONAL NAME
Personal name Samuel Kumudini.
Relator term (Role) Editor
942 ## - Koha item type (Biblio)
Koha item type Books in Stacks (Lending)
Holdings
Lost status Damaged status Collection code Home library Current library Date acquired Full call number Accession Number Item type
    Lending WERC Library WERC Library 12/19/2023 305.4., 2986 Books in Stacks (Lending)

© WERC Library